Studies in regional & urban planning

Αποθηκεύτηκε σε:
Λεπτομέρειες βιβλιογραφικής εγγραφής
Συλλογικό Έργο: Constantine Porphyrogenetus Planning and Regional Development Studies International Association, Πανεπιστήμιο Αιγαίου Σχολή Επιστημών της Διοίκησης Τμήμα Ναυτιλίας και Επιχειρηματικών Υπηρεσιών
Άλλοι συγγραφείς: Καρκαζής, Γιάννης (Επιμελητής έκδοσης)
Μορφή: Περιοδική έκδοση
Γλώσσα:English
Δημοσίευση: Athens : Constantine Porphyrogenetus Association, University of the Aegean. Department of Shipping, Trade & Transport, [19--]-
Θέματα:
Ετικέτες: Προσθήκη ετικέτας
Δεν υπάρχουν, Καταχωρήστε ετικέτα πρώτοι!

MARC

LEADER 00000nas a2200000 i 4500
001 1/55036
008 040518c19 9999gr eng
022 |a 11062606  
035 |l 10073362  
040 |a GR-MY-UA  |b gre  |e aacr 
041 0 |a eng 
082 0 |a 307.1205  
245 1 0 |a Studies in regional & urban planning   |h [περιοδικό] /   |c edited by John Karkazis ... [et al.].  
246 3 3 |a Studies in regional and urban planning  
260 |a Athens :   |b Constantine Porphyrogenetus Association,   |b University of the Aegean. Department of Shipping, Trade & Transport,   |c [19--]-  
300 |a τ. :  |b εικ. ;   |c 24 εκ.  
310 |a Ετήσιο (Τα τεύχη εκδίδονται περιοδικά κατά μέσο όρο 1 φορά το χρόνο)  
500 |a Journal of the Institute of Interdisciplinary Studies in Environmental Management, Locational Decisions and Regional Planning in cooperation with the University of the Aegean, Department of Shipping, Trade & Transport  
650 0 0 |a Regional planning  |x Periodicals. 
650 0 0 |a City planning  |x Periodicals. 
700 1 |a Καρκαζής, Γιάννης.  |4 edt 
710 2 |a Constantine Porphyrogenetus Planning and Regional Development Studies International Association. 
710 2 |a Πανεπιστήμιο Αιγαίου  |b Σχολή Επιστημών της Διοίκησης  |b Τμήμα Ναυτιλίας και Επιχειρηματικών Υπηρεσιών. 
853 |a INST  |b CHIOS  |c SER  |h 307.1205 
901 |a BIBL2-2004-1 
920 |a ΚΑΡΚΑΖΗΣ  |b ΙΩΑΝΝΗΣ  |y ΧΙΟΣ  |z 1998-06 
970 |a ΣΠΕΝΤΖΑ  |b ΕΛΕΝΗ  |z 2004/05/18